Visualization, modeling, and graphics for engineering design / (Record no. 490)

MARC details
000 -LEADER
fixed length control field 01232nam a22002297a 4500
005 - DATE AND TIME OF LATEST TRANSACTION
control field 20250420134812.0
008 - FIXED-LENGTH DATA ELEMENTS--GENERAL INFORMATION
fixed length control field 200726b ||||| |||| 00| 0 eng d
020 ## - INTERNATIONAL STANDARD BOOK NUMBER
International Standard Book Number 9781285172958
040 ## - CATALOGING SOURCE
Transcribing agency KCST
082 ## - DEWEY DECIMAL CLASSIFICATION NUMBER
Classification number 620.0042
Item number Li Vi
100 ## - MAIN ENTRY--PERSONAL NAME
Personal name Lieu, Dennis Kenmon
9 (RLIN) 4686
245 ## - TITLE STATEMENT
Title Visualization, modeling, and graphics for engineering design /
Statement of responsibility, etc. Dennis K. Lieu, Sheryl Sorby.
250 ## - EDITION STATEMENT
Edition statement 2nd edition.
260 ## - PUBLICATION, DISTRIBUTION, ETC.
Place of publication, distribution, etc. Boston:
Name of publisher, distributor, etc. Cengage Learning;
Date of publication, distribution, etc. 2017.
300 ## - PHYSICAL DESCRIPTION
Extent various p.
505 ## - FORMATTED CONTENTS NOTE
Formatted contents note An introduction to graphical communication in engineering --<br/>Sketching --<br/>Visualization --<br/>Working in a team environment --<br/>Creativity and the design process --<br/>Solid modeling --<br/>Assembly modeling --<br/>Design analysis --<br/>Fabrication processes --<br/>Orthogonal projection and multiview representation --<br/>Advanced visualization techniques --<br/>Pictorial drawings --<br/>Section views --<br/>Auxiliary views --<br/>Dimensioning --<br/>Tolerancing --<br/>Fasteners --<br/>Working drawings. CD-ROM: Technical and engineering animation --<br/>Topological maps and GIS --<br/>Information graphics: presentation of data.<br/>
650 ## - SUBJECT ADDED ENTRY--TOPICAL TERM
Topical term or geographic name entry element Engineering design.
9 (RLIN) 4687
650 ## - SUBJECT ADDED ENTRY--TOPICAL TERM
Topical term or geographic name entry element Engineering graphics.
9 (RLIN) 4688
700 ## - ADDED ENTRY--PERSONAL NAME
Personal name Sorby, Sheryl Ann
9 (RLIN) 4689
942 ## - ADDED ENTRY ELEMENTS (KOHA)
Koha item type Book
942 ## - ADDED ENTRY ELEMENTS (KOHA)
Source of classification or shelving scheme Dewey Decimal Classification
Holdings
Withdrawn status Lost status Source of classification or shelving scheme Damaged status Not for loan Home library Current library Date acquired Cost, normal purchase price Total checkouts Full call number Barcode Date last seen Price effective from Koha item type
    Dewey Decimal Classification     KCST Library KCST Library 26/07/2020 62.88   620.0042 Li Vi 1000000650 26/07/2020 26/07/2020 Book
© 2025 KCST. All rights reserved